000 00405nam a2200169Ia 4500
008 221030s9999 xx 000 0 und d
020 _a8173668493
041 _aEnglish
100 _aJ. Corbet
245 0 _aLINUX Device Drivers
_cby J. Corbet, A. Rubini
250 _a3rd
260 _bShroff Pub.
_aNew Delhi
_c2006
300 _a628
650 _aBE Computer
700 _aA. Rubini
942 _cBK
999 _c16604
_d16604